Meilleur XI de Premier League (Octobre) - Statistiques

Statistiques générales
  • Ce quiz a été pris 137 fois
  • Le résultat moyen est 9 sur 11
Statistiques - réponses
Poste Joueur Equipe Valeur % Correct
BU Erling Haaland Manchester City 200,00 Mio
99%
G Ederson Manchester City 35,00 Mio
97%
DC William Saliba Arsenal 80,00 Mio
93%
AD Phil Foden Manchester City 150,00 Mio
86%
MOC Cole Palmer Chelsea 90,00 Mio
85%
DC Ruben Dias Manchester City 80,00 Mio
85%
DD Alexander Arnold Liverpool 70,00 Mio
84%
DG Josko Gvardiol Manchester City 75,00 Mio
81%
MC Rodri Manchester City 130,00 Mio
81%
MOC Martin Odegaard Arsenal 110,00 Mio
80%
AG Luis Diaz Liverpool 80,00 M
75%
Aucun quiz correspondant
Distribution des résultats
% des personnes avec chaque résultat
Percentile par nombre de réponses
Votre historique - résultats
Vous n’avez pas pris ce quiz